| 000 -LEADER |
| fixed length control field |
00903cam a2200241 i 4500 |
| 003 - CONTROL NUMBER IDENTIFIER |
| control field |
OSt |
| 005 - DATE AND TIME OF LATEST TRANSACTION |
| control field |
20240801172951.0 |
| 008 - FIXED-LENGTH DATA ELEMENTS--GENERAL INFORMATION |
| fixed length control field |
220628s2022 enka 001 0 eng |
| 020 ## - INTERNATIONAL STANDARD BOOK NUMBER |
| International Standard Book Number |
9781782219101 |
| Qualifying information |
(paperback) |
| 042 ## - AUTHENTICATION CODE |
| Authentication code |
pcc |
| 082 04 - DEWEY DECIMAL CLASSIFICATION NUMBER |
| Classification number |
751.422 |
| Edition number |
23 |
| 100 1# - MAIN ENTRY--PERSONAL NAME |
| Personal name |
Palmer, Matthew |
| Titles and other words associated with a name |
(Artist), |
| Relator term |
artist, |
| -- |
author. |
| 245 10 - TITLE STATEMENT |
| Title |
Watercolour landscapes for the absolute beginner / |
| Statement of responsibility, etc |
Matthew Palmer |
| 246 3# - VARYING FORM OF TITLE |
| Title proper/short title |
Watercolor landscapes for the absolute beginner |
| 300 ## - PHYSICAL DESCRIPTION |
| Extent |
176 pages : |
| Other physical details |
illustrations (chiefly color) ; |
| Dimensions |
28 cm. |
| 490 0# - SERIES STATEMENT |
| Series statement |
Absolute beginner |
| 500 ## - GENERAL NOTE |
| General note |
Includes index |
| 500 ## - GENERAL NOTE |
| General note |
"Full size outlines included"--Cover. |
| 500 ## - GENERAL NOTE |
| General note |
"Includes material previously published in 2018 as: Matthew Palmer's step-by-step guide to watercolour painting"--Title page verso. |
| 650 #0 - SUBJECT ADDED ENTRY--TOPICAL TERM |
| Topical term or geographic name as entry element |
Watercolor painting |
| General subdivision |
Technique. |
| 650 #0 - SUBJECT ADDED ENTRY--TOPICAL TERM |
| Topical term or geographic name as entry element |
Landscape painting |
| General subdivision |
Technique. |
| 942 ## - ADDED ENTRY ELEMENTS (KOHA) |
| Source of classification or shelving scheme |
|